000 00673cam a2200193 i 4500
005 20260201113038.0
008 250721s2002 jo gr 000 0 ara d
020 _a9957852701
082 1 4 _a371.201
_bس ع و
100 1 _aالسعود، راتب
_eمؤلف.
245 1 2 _aالإشراف التربوي :
_bإتجاهات حديثة /
_cالدكتور راتب السعود.
250 _aالطبعة الأولى.
264 3 1 _aعمان :
_bمركز طارق للخدمات،
_c2002.
300 _a333 صفحة.
650 1 7 _aالإدارة التربوية.
650 1 7 _aالتوجيه التربوي.
942 _2ddc
_cBK
999 _c82361
_d82361